000 01083cam a22002771 4500
001 l 40000152
003 DLC
005 20260227111537.0
008 721002s1940 dcu f000 0 eng
010 _al 40000152
035 _a(OCoLC)420863
040 _aDLC
_cOClU
_dOCoLC
_dDLC
042 _apremarc
050 0 0 _aHD8051
_b.A62 no. 672
082 _a331.06173 s
100 1 _aDawson, Marshall.
245 1 0 _aProblems of workmen's compensation administration in the United States and Canada,
_cby Marshall Dawson ...
260 _aWashington,
_bU.S. Govt. Print. Off.,
_c1940.
300 _aviii, 229 p.
_c23 cm.
490 1 _a[United States. Bureau of Labor Statistics] Bulletin
_vno. 672
500 _aAt head of title: United States Department of Labor. Frances Perkins, Secretary. Bureau of Labor Statistics. Isador Lubin, Commissioner.
650 0 _aEmployers' liability
_zUnited States
650 0 _aEmployers' liability
_zCanada
740 0 _aWorkmen's compenstation administration.
830 0 _aBulletin (United States. Bureau of Labor Statistics) ;
_vno. 672.
999 _c36340
_d36340